| 000 | 00460nam a22001457a 4500 | ||
|---|---|---|---|
| 003 | OSt | ||
| 005 | 20211125092908.0 | ||
| 008 | 211125b ||||| |||| 00| 0 eng d | ||
| 040 | _cAIMIT LIBRARY | ||
| 100 |
_aTabassum, Shaba; Crasta, Laveena C. _d1912022 _910839 |
||
| 245 | _aAn Approach for Extractive Text Summarization From Images. | ||
| 260 |
_aTata Consultancy Services, Bangalore. _bLaveena C Crasta _c2021 |
||
| 856 | _uwww.tcs.com | ||
| 942 |
_2ddc _cPRO |
||
| 999 |
_c220770 _d220770 |
||